000 00305nam a22001337a 4500
008 170601b xxu||||| |||| 00| 0 eng d
020 _a03125096147
041 _aeng
080 _23RD
_a93
100 _a17
101 _aSHH
245 _aMAKERS OF THE WESTERN TRADITION
_cSOWARDS, J.K
942 _2udc
_cBK
999 _c15356
_d15356